Cooperación internacioanl: Colombia y la Comunidad Europea. (Record no. 134005)

MARC details
000 -CABECERA
campo de control de longitud fija 00675nam a2200193 a 4500
005 - FECHA Y HORA DE LA ÚLTIMA TRANSACCIÓN
campo de control 20210219160250.0
008 - ELEMENTOS DE LONGITUD FIJA--INFORMACIÓN GENERAL
campo de control de longitud fija 081002s2000 mx r 000 0 spa d
035 ## - NÚMERO DE CONTROL DEL SISTEMA
Número de control de sistema UPN01000161892
049 ## - COLECCIÓN
Colección UNE
080 ## - NÚMERO DE CLASIFICACIÓN DECIMAL UNIVERSAL
Número de la Clasificación Decimal Universal 341.232 (861) "1993" COO.
245 #0 - MENCIÓN DE TÍTULO
Título Cooperación internacioanl: Colombia y la Comunidad Europea.
260 ## - PUBLICACIÓN, DISTRIBUCIÓN, ETC.
Lugar de publicación, distribución, etc. Bogotá : Ministerio de Educación Nacional; Washington, D.C. : OEA, 1993.
300 ## - DESCRIPCIÓN FÍSICA
Extensión 164 p. ;
690 ## - PUNTO DE ACCESO ADICIONAL DE MATERIA LOCAL--TÉRMINO DE MATERIA (OCLC, RLIN)
Término de materia o nombre geográfico como elemento inicial Cooperacion internacional- Colombia
690 ## - PUNTO DE ACCESO ADICIONAL DE MATERIA LOCAL--TÉRMINO DE MATERIA (OCLC, RLIN)
Término de materia o nombre geográfico como elemento inicial CEE 3. Colombia- Cooperacion internacional
710 2# - ASIENTO SECUNDARIO - NOMBRE CORPORATIVO
Nombre de entidad corporativa o nombre de jurisdicción como elemento de entrada Colombia. Ministerio de Educación Nacional
710 2# - ASIENTO SECUNDARIO - NOMBRE CORPORATIVO
Nombre de entidad corporativa o nombre de jurisdicción como elemento de entrada Organización de los Estados Americanos
905 ## - TIPO DE MATERIAL
Tipo de material UNESCO

No items available.